000
00335 a2200157 4500
001
190641
020
_a
978-85-89044-56-1
040
_c
Magnum
100
_a
Albergaria, Lino de
240
1
0
_a
Em nome do filho
_l
por
245
1
0
_a
Em nome do filho
300
_a
110
362
0
_a
2012
697
_a
LITERATURA JUVENIL
942
_c
BK
999
_c
190641
_d
190641